| 000 | 01877cam a22004574i 4500 | ||
|---|---|---|---|
| 003 | PE-LiUPU | ||
| 005 | 20250731165410.0 | ||
| 008 | 151020s2008 pe a grm 000 0 spa d | ||
| 035 | _a(Sirsi) a154990 | ||
| 040 |
_aPE-LiUPU _bspa _cPE-LiUPU _erda |
||
| 099 |
_aTEF 2 _bF64 2008 |
||
| 100 | 1 |
_aFlores Dávila, Celina del Carmen _eautor |
|
| 245 | 1 |
_aEfectividad del Programa Educativo 'Desarrollando mis Habilidades con Estimulación Temprana', en el Mejoramiento del Nivel de Conocimiento, Actitudes y Prácticas en Madres con Niños de 2 - 5 Años de la Institución Educativa Inicial Nº 143, La Era - Ñaña, Lima - Perú, 2008 / _cCelina del Carmen Flores Dávila. |
|
| 264 | 0 | _c2008. | |
| 300 |
_a124 hojas _c30 cm |
||
| 336 |
_atext _2rdacontent |
||
| 337 |
_aunmediated _2rdamedia |
||
| 338 |
_avolume _2rdacarrier |
||
| 502 |
_aTesis _b(Lic.) -- _cUniversidad Peruana Unión, _d2008. |
||
| 504 | _aIncluye referencias | ||
| 520 | 3 | _aLa presente investigación se centro en determinar la efectividad del programa educativo "Desarrollando mis Habilidades con Estimulación Temprana", en la mejora del nivel de conocimientos, actitudes y practicas sobre estimulación temprana en madres de familia con niños de 2-5 años de la Institución Educativa Inicial n° 143, la era. | |
| 526 | _aSEG44 | ||
| 526 | _aSEG26 | ||
| 526 | _aP151 | ||
| 526 | _aP150 | ||
| 526 | _aP149 | ||
| 526 | _aP146 | ||
| 526 | _aP145 | ||
| 526 | _aP126 | ||
| 526 | _aP125 | ||
| 526 | _aP92 | ||
| 526 | _aP75 | ||
| 526 | _aP74 | ||
| 526 | _aP27 | ||
| 526 | _aP15 | ||
| 650 | 0 | 4 | _aEstimulación temprana. |
| 700 | 1 |
_aMuñoz Hilasaca, Gloria Pilar _eautor |
|
| 596 | _a1 | ||
| 942 |
_2ddc _cTESIS |
||
| 999 |
_aTEF 2 F64 2008 _wALPHANUM _c7681 _iT01100 _lCCODEBUL3 _mBUL _r1 _sY _tTESIS _u2015-10-20 _xSALUD _PP22 _o.STAFF. Tesis _d7681 |
||
| 980 |
_81 _gALBERTO SANCHEZ Responsable de Automatización |
||